| 000 | 00469nam a2200169Ia 4500 | ||
|---|---|---|---|
| 008 | 230718s9999 xx 000 0 und d | ||
| 020 | _a9780099505624 | ||
| 041 | _aeng | ||
| 082 |
_a153.8'52 _bDUT |
||
| 100 |
_aDutton K. _9191982 |
||
| 245 |
_aFlipnosis _bThe Art Of Split-Second Persuasion |
||
| 260 |
_c2011 _bArrow Books |
||
| 300 | _a392 | ||
| 365 |
_cRs. _b495.00 |
||
| 700 |
_aDutton K. _9191982 |
||
| 906 |
_dO:0174304-Jun-2011B:793604-May-2011 _cGENRL _b123.75 |
||
| 999 |
_c327827 _d327827 |
||